LIBRARY ONLINE CATALOGUE

The elder : (Record no. 21746)

MARC details
000 -LEADER
fixed length control field 01718cam a2200361 a 4500
001 - CONTROL NUMBER
control field 15795210
003 - CONTROL NUMBER IDENTIFIER
control field OSt
005 - DATE AND TIME OF LATEST TRANSACTION
control field 20260702095738.0
008 - FIXED-LENGTH DATA ELEMENTS--GENERAL INFORMATION
fixed length control field 090629s2009 nju b 001 0 eng
010 ## - LIBRARY OF CONGRESS CONTROL NUMBER
LC control number 2009026097
020 ## - INTERNATIONAL STANDARD BOOK NUMBER
International Standard Book Number 9781596381414
Qualifying information pbk.
035 ## - SYSTEM CONTROL NUMBER
System control number 15795210
040 ## - CATALOGING SOURCE
Original cataloging agency DLC
Transcribing agency DLC
Modifying agency DLC
050 00 - LIBRARY OF CONGRESS CALL NUMBER
Classification number BX9425
Item number .V36 2009
082 00 - DEWEY DECIMAL CLASSIFICATION NUMBER
Classification number 262/.042
Edition number 22
100 1# - MAIN ENTRY--PERSONAL NAME
Personal name Van Dam, Cornelis,
Dates associated with a name 1946-
245 14 - TITLE STATEMENT
Title The elder :
Remainder of title today's ministry rooted in all of Scripture /
Statement of responsibility, etc. Cornelis Van Dam.
260 ## - PUBLICATION, DISTRIBUTION, ETC. (IMPRINT)
Place of publication, distribution, etc. Phillipsburg, N.J. :
Name of publisher, distributor, etc. P&R Pub.,
Date of publication, distribution, etc. c2009.
300 ## - PHYSICAL DESCRIPTION
Extent xiii, 283 p. ;
Dimensions 23 cm.
336 ## - CONTENT TYPE
Content type term text
Content type code txt
Source rdacontent
337 ## - MEDIA TYPE
Media type term unmediated
Media type code n
Source rdamedia
338 ## - CARRIER TYPE
Carrier type term volume
Carrier type code nc
Source rdacarrier
490 0# - SERIES STATEMENT
Series statement Explorations in biblical theology
504 ## - BIBLIOGRAPHY, ETC. NOTE
Bibliography, etc Includes bibliographical references and indexes.
505 0# - FORMATTED CONTENTS NOTE
Formatted contents note An overview of the office -- The shepherd and his flock -- A bearded head -- Elders as leaders in the Old Testament -- Elders as judges in the Old Testament -- The Christian congregation inherits the office -- Elders and the keys of the Kingdom -- Ruling and having authority -- Disciplining for life -- Two current issues : women and term eldership -- The privilege of the eldership.
583 ## - ACTION NOTE
Action Cataloguing:
Time/date of action 20260702
Action agent gtanuigtanui
650 #0 - SUBJECT ADDED ENTRY--TOPICAL TERM
Topical term or geographic name as entry element Elders (Church officers)
General subdivision Reformed Church.
650 #0 - SUBJECT ADDED ENTRY--TOPICAL TERM
Topical term or geographic name as entry element Elders (Church officers)
General subdivision Biblical teaching.
906 ## - LOCAL DATA ELEMENT F, LDF (RLIN)
a 7
b cbc
c orignew
d 1
e ecip
f 20
g y-gencatlg
942 ## - ADDED ENTRY ELEMENTS (KOHA)
Source of classification or shelving scheme Library of Congress Classification
Koha item type General Collection
Holdings
Withdrawn status Lost status Source of classification or shelving scheme Not for loan Home library Current library Shelving location Date acquired Source of acquisition Inventory number Total Checkouts Full call number Barcode Date last seen Copy number Price effective from Koha item type
    Library of Congress Classification   Kabarak, Main Campus Kabarak, Main Campus General Stacks 02/07/2026 Donation 2026/4072   BX9425 .V36 2009 C.1 38071 02/07/2026 C.1 02/07/2026 General Collection